LIBRARY & INFORMATION CENTRE, KCAET, TAVANUR

ONLINE PUBLIC ACCESS CATALOGUE (OPAC)

Food - biochemistry and nutritional value / (Record no. 1520)

MARC details
000 -LEADER
fixed length control field 00448cam a2200169ua 4500
020 ## - INTERNATIONAL STANDARD BOOK NUMBER
ISBN 0-58249506-7
041 ## - LANGUAGE CODE
Language code of text/sound track or separate title eng
082 ## - DEWEY DECIMAL CLASSIFICATION NUMBER
Classification number 664.042
Item number ROB/FO
100 ## - MAIN ENTRY--AUTHOR NAME
Personal name Robinson, David.S .
245 ## - TITLE STATEMENT
Title Food - biochemistry and nutritional value /
250 ## - EDITION STATEMENT
Edition statement 1 /
260 ## - PUBLICATION, DISTRIBUTION, ETC. (IMPRINT)
Place of publication :
Name of publisher Longman Scientific and Technical ,
Year of publication 1987.
300 ## - PHYSICAL DESCRIPTION
Number of Pages 554 ; .
942 ## - ADDED ENTRY ELEMENTS (KOHA)
Koha item type Books
Holdings
Withdrawn status Lost status Damaged status Home library Current library Date acquired Full call number Accession Number Koha item type
      KAUAET KAUAET 07/04/2012 664.042 17000 Books
free website counter